000 03068cam a2200361 i 4500
003 SA-RiAUC
005 20250915053151.0
008 250913s1980 jo g b 00000 ara c
024 0 _a00000000874103
040 _aSA-RiAUC
_bara
_cSA-RiAUC
_dAE-DuMBRL
_erda
082 0 4 _a247.98
_qSA-RiAUC
090 _a247.98
_bخ ط ي
100 1 _aالخطيب، محمد أحمد،
_d1951-
_eمؤلف.
245 1 0 _aعقيدة الدروز :
_bعرض ونقض /
_cتأليف محمد أحمد الخطيب.
250 _aالطبعة الأولى.
264 1 _aعمان، الأردن :
_bمكتبة الأقصى،
_c1980.
264 3 _aعمان، الأردن :
_bجمعية عمال المطابع التعاونية
300 _a286 صفحة ؛
_c24 × 17 سم
336 _aنص
_btxt
_2rdacontent
_3كتاب
337 _aبدون وسيط
_bn
_2rdamedia
338 _aمجلد
_bnc
_2rdacarrier
504 _aببليوجرافية : صفحة 274-286.
520 _aبدأ المؤلف (محمد أحمد الخطيب) كتابه (عقيدة الدروز : عرض ونقض) بمقدمة تمهيدية حول نشأة الدروز وصلتهم بالإسماعيلية الباطنية، ثم تحدث عن شخصية الحاكم بأمر الله، وأثرها في عقيدة الدروز، وأشهر دعاة الدروز وآراؤهم، ثم تناول عقيدة الدروز، وقام بالرد عليها، ثم تحدث عن شريعة الدروز وتقسيم المجتمع عندهم، وموقفهم من الأديان والفرق الأخرى، وبذلك ختم الكتاب.
650 7 _aالإسماعيلية (فرقة إسلامية)
_2aucsh
650 7 _aالفرق الإسلامية
_2aucsh
650 7 _aعقائد الشيعة
_2aucsh
650 7 _aالدروز
_xحياة دينية
_2aucsh
653 _aالديانات
856 _uhttp://saaid.net/book/open.php?cat=89&book=1144
_yExternal Link
_2 نرجو الانتباه لإمكانية وجود اختلاف في الطبعة أو الناشر بين البيانات على البوابة وما ستجده على الكتاب نظرا لمحدودية المعلومات المتاحة على الموقع الناشر للمادة.
_3Please note that there may be a difference in the edition or publisher between the data on the portal and the book due to the limited information available on the publisher website for the material.
856 _uhttp://saaid.net/book/2/567.zip
_yDigital Copy
_2 نرجو الانتباه لإمكانية وجود اختلاف في الطبعة أو الناشر بين البيانات على البوابة وما ستجده على الكتاب نظرا لمحدودية المعلومات المتاحة على الموقع الناشر للمادة.
_3Please note that there may be a difference in the edition or publisher between the data on the portal and the book due to the limited information available on the publisher website for the material.
942 _2ddc
_cBOOK
_n0
949 _aSA-JeALM
_d250913
_umohamedma123
_n1
999 _c11729
_d11729